| 000 | 00493nam a2200205Ia 4500 | ||
|---|---|---|---|
| 003 | OSt | ||
| 005 | 20240408090308.0 | ||
| 008 | 210327s9999||||xx |||||||||||||| ||und|| | ||
| 040 | _cSTCPL | ||
| 041 | _aENG | ||
| 082 |
_a824 _bTHO-R |
||
| 100 | _aBrowne, Thomas | ||
| 245 | 0 |
_aReligio medici / _cby Thomas Browne |
|
| 260 |
_aCambridge : _bThe University Press , _c1963 . |
||
| 300 |
_a154 p. _bHB |
||
| 650 | _aEnglish literature | ||
| 650 | _aEssays | ||
| 942 | _cBK | ||
| 942 | _2ddc | ||
| 999 |
_c12365 _d12365 |
||